| 000 | 00359nam a2200133Ia 4500 | ||
|---|---|---|---|
| 008 | 240624s9999 xx 000 0 und d | ||
| 041 | _aeng | ||
| 082 | _a659.1 MEH | ||
| 100 | _aMEHTA BASANT | ||
| 245 | _aADVERTISEMENT AND CONSUMER | ||
| 260 |
_c2010 _aNew Delhi _bDiscovery Publishing House Pvt.Ltd. |
||
| 300 | _av, : 275 : p. : cm. ; 22 | ||
| 365 |
_cRS _b20 |
||
| 999 |
_c16022 _d16022 |
||